Their Name Starts With B - Statistics

General Stats
  • This quiz has been taken 34 times
  • The average score is 23 of 32
Answer Stats
Picture Hint Answer % Correct
Former U.S. President Barack Obama
100%
Fight Club - Troy Brad Pitt
100%
Halo - Texas Hold 'Em Beyonce
97%
Former U.S. President Bill Clinton
90%
Hit Me Baby One More Time - Toxic Britney Spears
90%
Enter The Dragon - Fist of Fury Bruce Lee
90%
Born in the USA - Dancing in the Dark Bruce Springsteen
86%
Die Hard - The Sixth Sense Bruce Willis
86%
New York Yankees - Boston Red Sox Babe Ruth
83%
The Thrill is Gone - Rock Me Baby BB King
83%
Zoolander - Meet The Parents Ben Stiller
83%
Get Up Stand Up - I Shot The Sheriff Bob Marley
83%
Beautiful Day - With or Without You Bono
83%
Good Will Hunting - Batman vs Superman Ben Affleck
79%
The Golden Girls - The Proposal Betty White
79%
Ocean Eyes - bad guy Billie Eilish
79%
Just The Way You Are - Talking To The Moon Bruno Mars
79%
Doctor Strange - Sherlock Benedict Cumberbatch
72%
Hocus Pocus (Movie) - Wind Beneath My Wings (Song) Bette Midler
72%
Ghostbusters - Caddyshack Bill Murray
72%
Smokey and The Bandit - The Longest Yard Burt Reynolds
72%
The Hangover - American Sniper Bradley Cooper
69%
The Mummy - George of the Jungle Brendan Fraser
69%
Schindler's List - Gandhi Ben Kingsley
59%
Bad Santa - Sling Blade Billy Bob Thornton
55%
Callaita - Baile Inolvidable Bad Bunny
52%
Gossip Girl - Sisterhood of the Traveling Pants Blake Lively
48%
San Francisco Giants - Pittsburgh Pirates Barry Bonds
38%
Jackass - Viva La Bam Bam Margera
34%
Loser - Paper Tiger Beck
34%
Shake It Up - The DUFF Bella Thorne
21%
I'm Good (Blue) - Meant To Be Bebe Rexha
17%
No matching quizzes found
Score Distribution
Percent of People with Each Score
Percentile by Number Answered
Your Score History
You have not taken this quiz